El médico y la medicina de ayer y de hoy (Record no. 137905)
[ view plain ]
| 000 -LEADER | |
|---|---|
| campo de control de longitud fija | 00661nam a2200217 4500 |
| 001 - NÚMERO DE CONTROL | |
| campo de control | 137905 |
| 003 - IDENTIFICADOR DE NÚMERO DE CONTROL | |
| campo de control | ES-MaACL |
| 005 - FECHA Y HORA DE LA ÚLTIMA TRANSACCIÓN | |
| campo de control | 20250807062548.0 |
| 007 - CAMPO FIJO DE DESCRIPCIÓN FÍSICA--INFORMACIÓN GENERAL | |
| campo de control de longitud fija | t| |
| 008 - DATOS DE LONGITUD FIJA--INFORMACIÓN GENERAL | |
| campo de control de longitud fija | 070214s1955 sp r ||||1| spa d |
| 100 1# - ENTRADA PRINCIPAL--NOMBRE DE PERSONA | |
| Nombre de persona | Sánchez Cuenca, Baldomero. |
| 9 (RLIN) | 102562 |
| 245 13 - MENCIÓN DEL TÍTULO | |
| Título | El médico y la medicina de ayer y de hoy |
| Resto del título | : ensayos / |
| Mención de responsabilidad, etc. | Baldomero Sánchez Cuenca. |
| 260 ## - PUBLICACIÓN, DISTRIBUCIÓN, ETC. | |
| Lugar de publicación, distribución, etc. | Madrid : |
| Nombre del editor, distribuidor, etc. | Aguilar, |
| Fecha de publicación, distribución, etc. | 1955. |
| 300 ## - DESCRIPCIÓN FÍSICA | |
| Extensión | 213 p. ; |
| Dimensiones | 21 cm. |
| 490 1# - MENCIÓN DE SERIE | |
| Mención de serie | Colección literaria |
| 650 00 - PUNTO DE ACCESO ADICIONAL DE MATERIA--TÉRMINO DE MATERIA | |
| Término de materia o nombre geográfico como elemento de entrada | Médicos- |
| Subdivisión general | Moral profesional. |
| 9 (RLIN) | 14942 |
| 650 07 - PUNTO DE ACCESO ADICIONAL DE MATERIA--TÉRMINO DE MATERIA | |
| Término de materia o nombre geográfico como elemento de entrada | Medicina |
| Fuente del encabezamiento o término | embne |
| 9 (RLIN) | 14891 |
| 830 1# - PUNTO DE ACCESO ADICIONAL DE SERIE-TÍTULO UNIFORME | |
| Título uniforme | Colección literaria |
| 9 (RLIN) | 179831 |
| 852 ## - LOCALIZACIÓN | |
| Ubicación | ES-MaACL |
| Número de control de estantería | C-10448 |
| Estatus retirado | Estado de pérdida | Estado de daño | No para préstamo | Biblioteca de origen | Biblioteca actual | Ubicación en estantería | Fecha de adquisición | Fuente de adquisición | Total de préstamos | Signatura topográfica completa | Código de barras | Visto por última vez | Precio de reemplazo | Tipo de ítem Koha |
|---|---|---|---|---|---|---|---|---|---|---|---|---|---|---|
| Biblioteca del Ateneo de Madrid | Biblioteca del Ateneo de Madrid | Sala Palomar | 17/01/2008 | C-10448 | 1143505 | 23/02/2023 | 23/02/2023 | Libro impreso |
